000 00537 a2200133 4500
082 _aBIT-4
100 _aM. Ihtisham ul Haq
_993271
245 _aSecure Automation of Research Conferences [Project BIT4]
_cM. Ihtisham ul Haq
260 _a Isalamabad,
_bNUST School of Electrical Engineering & Computer Science,
_c2006.
300 _axii, 90 p.
_b: ill. ;
_c27 cm. +
_eCD-ROM
500 _aSupervisors : Mr. Shahrzad Khattak, Ms. Shamaila Kiyani.
856 _uhttp://10.250.8.41:8080/xmlui/handle/123456789/13237
942 _cPR
_kBIT-4 IHT
_2ddc
999 _c9358
_d9358